000 00587nam a2200157Ia 4500
008 220216s9999 xx 000 0 und d
100 _aSasidharan K K
245 2 _aA process for preparation of carbon black/silica/nanoclay master batch from fresh natural rubber latex
260 _bIRC 2012. International Rubber Conference, 28-31 October 2012, Kovalam, India, Rubber Research Institute of India, Kottayam and IRRDB, Malaysia: Abstracts. pp.104.
650 _aCarbon black
650 _aNanoclay
650 _aSilica
700 _aAlex R
700 _aKurian Thomas
942 _cBS
999 _c51471
_d51471